Central Library OPAC University of Rajshahi

Delinquency and opportunity : (Record no. 49703)

MARC details
000 -LEADER
fixed length control field 01027nam a2200277 a 4500
001 - CONTROL NUMBER
control field 49703
003 - CONTROL NUMBER IDENTIFIER
rucl marc code BD-RjUL
005 - DATE AND TIME OF LATEST TRANSACTION
control field 20211209054721.0
008 - FIXED-LENGTH DATA ELEMENTS--GENERAL INFORMATION
fixed length control field 160822t19611960enk b 001 0 eng d
035 ## - SYSTEM CONTROL NUMBER
System control number (BD-RjUL)49823
040 ## - CATALOGING SOURCE
Language of cataloging eng
Transcribing agency BD-RjUL
Modifying agency BD-RjUL
Original cataloging agency BD-RjUL
041 ## - LANGUAGE CODE
Language code of text/sound track or separate title eng
082 ## - DEWEY DECIMAL CLASSIFICATION NUMBER
Edition number 23
Classification number 364.363
Author mark and year CLD 1961
100 1# - MAIN ENTRY--PERSONAL NAME
Personal name Cloward, Richard A.
9 (RLIN) 149015
245 10 - TITLE STATEMENT
Title Delinquency and opportunity :
Remainder of title a theory of delinquent gangs /
Statement of responsibility, etc. by Richard A. Cloward and Lloyd E. Ohlin.
260 ## - PUBLICATION, DISTRIBUTION, ETC. (IMPRINT)
Place of publication, distribution, etc. London :
Name of publisher, distributor, etc. Routledge & Kegan Paul,
Date of publication, distribution, etc. 1961
300 ## - PHYSICAL DESCRIPTION
Pagination xi, 220 p. ;
Size 22 cm.
490 1# - SERIES STATEMENT
Series statement International library of sociology and social reconstruction (Routledge & Kegan Paul)
504 ## - BIBLIOGRAPHY, ETC. NOTE
Bibliography, etc Includes bibliographical references and index.
650 #0 - SUBJECT ADDED ENTRY--TOPICAL TERM
Topical term or geographic name as entry element Juvenile delinquents.
9 (RLIN) 143018
Topical term or geographic name as entry element Gangs.
9 (RLIN) 149016
Topical term or geographic name as entry element Gang prevention.
9 (RLIN) 149017
700 1# - ADDED ENTRY--PERSONAL NAME
Personal name Ohlin, Lloyd E.
830 #0 - SERIES ADDED ENTRY--UNIFORM TITLE
Uniform title International library of sociology and social reconstruction (Routledge & Kegan Paul)
942 ## - ADDED ENTRY ELEMENTS (KOHA)
Source of classification or shelving scheme Dewey Decimal Classification
Koha item type Books
Holdings
Lost status Source of classification or shelving scheme Damaged status Not for loan Collection code Permanent Location Current Location Shelving location Date acquired Source of acquisition Cost, normal purchase price Total Checkouts Full call number Date last seen Copy number Koha item type
  Dewey Decimal Classification     Non-fiction Central Library, University of Rajshahi Central Library, University of Rajshahi   22/08/2016 sweets and zeithlinger 25.00   364.363 CLD 1961 22/08/2016 C-2 Books
  Dewey Decimal Classification   Not For Loan Non-fiction Central Library, University of Rajshahi Central Library, University of Rajshahi Reading Room 28/12/2016 Sweets & Zeetlinger 25.00   364.363 CLD 1961 28/12/2016 C-1 Books